新幹線50km以内の区間サドンデス - Statistics

General Stats
  • This quiz has been taken 53 times
  • The average score is 3 of 12
Answers on the Grid
Answers color-coded by a green-red scale on the quiz's grid according to % correct below.
木古内~奥津軽いまべつ
新青森~七戸十和田
盛岡~北上
一ノ関~古川
福島~郡山
小山~大宮
新横浜~小田原
静岡~掛川
岐阜羽島~米原
新神戸~姫路
相生~岡山
新岩国~徳山
博多~筑後船小屋
新大牟田~熊本
川内~鹿児島中央
熊谷~高崎
長岡~新潟
上毛高原~越後湯沢
長野~上越妙高
富山~金沢
福井~敦賀
嬉野温泉~長崎
山形~米沢
大曲~秋田
 
Answer Stats
Answer % Correct
静岡~掛川
38%
熊谷~高崎
38%
新青森~七戸十和田
30%
岐阜羽島~米原
30%
福島~郡山
27%
山形~米沢
22%
新岩国~徳山
16%
川内~鹿児島中央
14%
盛岡~北上
11%
上毛高原~越後湯沢
11%
福井~敦賀
11%
新大牟田~熊本
5%
No matching quizzes found
Score Distribution
Percent of People with Each Score
Percentile by Number Answered
Your Score History
You have not taken this quiz